000 00440nam a2200205Ia 4500
001 003903
003 YMCAF
005 20230512160238.0
008 100717s1974 ||||||||||||||||| ||und|d
024 _a3903
035 _a3908
040 _aYMCAF
_beng
_cIN-KoLT
041 _aeng
082 _aINS-CUK
100 _aCURRICULUM DEV
245 0 _aINSTRUCTIONAL METARIAL MECH. DRAFT
260 _c1974
300 _a57
942 _2ddc
_cBK
999 _c3100
_d3100